Detalles MARC
| 000 -LÍDER |
| Campo fijo de descripción fija |
02053nam a22003377i 4500 |
| 001 - NÚMERO DE CONTROL |
| Campo de control |
768714001 |
| 003 - IDENTIFICADOR DEL NÚMERO DE CONTROL |
| Campo de control |
CO-MdFUSB |
| 005 - FECHA Y HORA DE LA ULTIMA TRANSACCIÓN |
| control field |
20260224220710.0 |
| 007 - CAMPO FIJO DE DESCRIPCIÓN FIJA--INFORMACIÓN GENERAL |
| Campo fijo de descripción fija |
cr aa aaaaa |
| 008 - ELEMENTOS DE LONGITUD FIJA -- INFORMACIÓN GENERAL |
| Campo fijo de descripción fija -- Información general |
180403s2022 ck ||||| |||| 00| 0 spa dd |
| 040 ## - FUENTE DE CATALOGACIÓN |
| Agencia de catalogación original |
CO-MdFUSB |
| Idioma de catalogación |
Español |
| Agencia que realiza la transcripción |
CO-MdFUSB |
| Agencia que realiza la modificación |
CO-MdFUSB |
| 041 ## - CÓDIGO DE IDIOMA |
| Código de idioma para texto/pista de sonido o título separado |
spa |
| 043 ## - CÓDIGO DE ÁREA GEOGRÁFICA |
| Código de área geográfica |
ck |
| 100 ## - ASIENTO PRINCIPAL--NOMBRE PERSONAL |
| Nombre personal |
Sampayo Acosta, Yesenia, |
| Término relacionador |
autor |
| 245 ## - TÍTULO |
| Título del Material |
Más allá de la victimización: estudio teológico de las diversas experiencias de mujeres en el conflicto armado colombiano con base a Jueces 4 y 5 |
| Mención de responsabilidad, etc. |
/ Yesenia Sampayo Acosta ; asesorado por Milton A. Acosta |
| 264 #1 - PRODUCTION, PUBLICATION, DISTRIBUTION, MANUFACTURE, AND COPYRIGHT NOTICE |
| Lugar de procducción, publication, distribution, manufacture |
Medellín, Colombia : |
| Nombre del productor, publicador, distribuidor y manofactura |
FUSBC, |
| Fecha de producción, distribución, manufactura, o nota de copyright |
2023 |
| 300 ## - DESCRIPCIÓN FÍSICA |
| Extensión |
Recurso electrónico |
| 336 ## - TIPO DE CONTENIDO |
| Fuente |
rdacontent |
| Tipo de contenido |
texto |
| Content type code |
txt |
| 337 ## - TIPO DE MEDIO |
| Fuente |
rdamedia |
| Tipo de medio |
informático |
| Código |
c |
| 338 ## - TIPO DE SOPORTE |
| Fuente |
rdacarrier |
| rdacarrier |
remoto |
| Código |
cr |
| 502 ## - NOTA DE TESIS |
| Nota de Tesis |
Trabajo de grado |
| Tipo de estudio |
(Teología) -- |
| Nombre de la Institución del grado |
Fundación Universitaria Seminario Bíblico de Colombia, |
| Año de graduación |
2023 |
| 504 ## - NOTA DE BIBLIOGRAFÍA, ETC. |
| Nota de bibliografía, etc |
Bibliografía (página 55) |
| 505 ## - NOTA DE CONTENIDO |
| Nota de contenido con formato preestablecido |
Los relatos y la violencia: desde una narrativa de la experiencia en el conflicto armado colombiano y el libro de Jueces. -- Débora y líderes sociales: más allá del conflicto. -- Jael y las excombatientes en Colombia ¿Qué hacer con ellas?-- IV. Madre de Sísara: entre la espera y la pérdida. |
| 520 ## - NOTA DE RESUMEN, ETC. |
| Nota de sumario, etc. |
Esta investigación se realizó en base al pasaje bíblico de Jueces 4 y 5 donde esta realidad y experiencia de las mujeres se ve reflejada. En cuanto a la relevancia social y las implicaciones prácticas de esta investigación, estas tienen que ver con el hecho de poder contribuir a un diálogo cristiano sobre lo que significa ser mujer en contextos de violencia y cómo la iglesia y<br/>comunidades de fe pueden brindar un acompañamiento que va más allá de ver a estas mujeres como simples víctimas. |
| 630 07 - ASIENTO SECUNDARIO DE MATERIA - TITULO UNIFORME |
| Título uniforme |
Biblia. |
| Nombre de parte o sección de la obra |
Jueces |
| Subdivisión general |
Crítica, interpretación, etc. |
| 650 #7 - ASIENTO SECUNDARIO DE MATERIA - TERMINO TEMÁTICO |
| Término temático o nombre geográfico como elemento de entrada |
Violencia |
| 9 (RLIN) |
2121 |
| 650 #7 - ASIENTO SECUNDARIO DE MATERIA - TERMINO TEMÁTICO |
| Término temático o nombre geográfico como elemento de entrada |
Conflicto cultural |
| 9 (RLIN) |
6950 |
| 700 ## - ASIENTO SECUNDARIO - NOMBRE PERSONAL |
| Nombre personal |
Acosta, Milton |
| Responsabilidad |
asesor |
| 9 (RLIN) |
93 |
| 856 ## - LOCALIZACIÓN Y ACCESO ELECTRÓNICOS |
| Nombre del sitio |
REPCI |
| Identificador Uniforme del Recurso |
https://repositorio.repci.co/handle/123456789/748 |
| 942 ## - TIPO DE MATERIAL (KOHA) |
| Tipo de Item KOHA |
Trabajos de Grado |